Countries by Second and Third Letter #3 - Statistics

General Stats
  • This quiz has been taken 4,145 times
    3,190 since last reset
  • The average score is 12 of 25
Answer Stats
2nd and 3rd Letter Answer % Correct
HI China
72%
EL Belgium
69%
OR Portugal
68%
ER Germany
67%
OS Kosovo
67%
OR Norway
66%
IN Finland
64%
HI Chile
56%
EL Belize
55%
OS Bosnia
53%
EL Belarus
52%
RE Greece
52%
UN Hungary
52%
RE Ireland
52%
OR Morocco
44%
ER Peru
43%
HI Philippines
42%
ER Serbia
41%
UN Tunisia
40%
OR North Korea
38%
OR Jordan
35%
OS Costa Rica
32%
OR North Macedonia
32%
IN Singapore
31%
RE Grenada
26%
No matching quizzes found
Score Distribution
Percent of People with Each Score
Percentile by Number Answered
Your Score History
You have not taken this quiz since the last reset